[Event "AUTO-MASTER-3098"]
[Site "http://www.queenalice.com/game.php?id=1785666"]
[Date "2022.3.26"]
[Round "1"]
[White "chessman"]
[Black "GildemarSantos"]
[Result "0-1"]
[WhiteElo "1935"]
[BlackElo "2287"]

1. e4 c5 2. Nf3 d6 3. Bb5+ Nd7 4. c4 Nf6 5. Qe2 g6 6. O-O Bg7 7. Nc3 a6 8. Ba4
O-O 9. Bc2 Ng4 10. d3 Nde5 11. h3 Nxf3+ 12. Qxf3 Ne5 13. Qe2 Nc6 14. Nd5 e6 15.
Nc3 f5 16. Kh1 f4 17. f3 h5 18. Rb1 g5 19. a3 g4 20. fxg4 Nd4 21. Qf2 hxg4 22.
hxg4 Nxc2 23. Qxc2 Qh4+ 24. Kg1 Bd4+ 0-1

[Event "AUTO-MASTER-3098"]
[Site "http://www.queenalice.com/game.php?id=1785667"]
[Date "2022.3.26"]
[Round "1"]
[White "GildemarSantos"]
[Black "chessman"]
[Result "1-0"]
[WhiteElo "2286"]
[BlackElo "1930"]

1. Nf3 d5 2. g3 e6 3. Bg2 Nf6 4. O-O Be7 5. d4 c5 6. c4 Nc6 7. cxd5 exd5 8. dxc5
O-O 9. Be3 Be6 10. Nc3 a6 11. Na4 Nd7 12. a3 Nf6 13. Nb6 Rb8 14. b4 Qc7 15. Bf4
1-0

[Event "AUTO-MASTER-3098"]
[Site "http://www.queenalice.com/game.php?id=1785684"]
[Date "2022.3.26"]
[Round "1"]
[White "GildemarSantos"]
[Black "stoyan1"]
[Result "1-0"]
[WhiteElo "2301"]
[BlackElo "2068"]

1. c4 e5 2. g3 Bc5 3. Bg2 c6 4. Nc3 Nf6 5. e3 d5 6. cxd5 cxd5 7. d4 exd4 8. exd4
Bb4 9. Ne2 O-O 10. O-O Be6 11. Nf4 Bxc3 12. bxc3 Nc6 13. Nxe6 fxe6 14. Qe2 Re8
15. Bg5 Qd7 16. Rfe1 h6 17. Bxf6 gxf6 18. Qh5 Re7 19. Qg6+ Rg7 20. Qxf6 Re8 21.
Qxh6 Rh7 22. Qd2 Qg7 23. Bxd5 Qd7 24. Bb3 Na5 25. Qg5+ Qg7 26. Qxa5 b6 27. Rxe6
Kf8 28. Qf5+ 1-0

[Event "AUTO-MASTER-3098"]
[Site "http://www.queenalice.com/game.php?id=1785685"]
[Date "2022.3.26"]
[Round "1"]
[White "stoyan1"]
[Black "GildemarSantos"]
[Result "0-1"]
[WhiteElo "2061"]
[BlackElo "2306"]

1. e4 c5 2. Nf3 d6 3. Bc4 e6 4. O-O a6 5. d4 cxd4 6. Nxd4 Nf6 7. Qe2 Be7 8. Nc3
b5 9. Bd3 O-O 10. Nf3 Bb7 11. e5 dxe5 12. Ng5 Nc6 13. Nce4 Nxe4 14. Qxe4 f5 15.
Qh4 h6 16. Nxe6 Bxh4 17. Nxd8 Raxd8 18. a3 Nd4 19. Be3 e4 20. Bxd4 Rxd4 21. Be2
Rd2 22. Rfe1 f4 23. g3 fxg3 24. hxg3 e3 25. f3 Bxg3 26. a4 Rxf3 27. Bxf3 Bh2+
28. Kf1 Rf2# 0-1

[Event "AUTO-MASTER-3098"]
[Site "http://www.queenalice.com/game.php?id=1785686"]
[Date "2022.3.26"]
[Round "1"]
[White "GildemarSantos"]
[Black "CCapivara"]
[Result "1-0"]
[WhiteElo "2254"]
[BlackElo "2276"]

1. c4 e5 2. g3 f5 3. Bg2 Nf6 4. Nc3 Bb4 5. Qb3 Bxc3 6. Qxc3 d6 7. b4 O-O 8. d3
Nc6 9. Nh3 h6 10. f4 Re8 11. O-O exf4 12. Nxf4 g5 13. Nd5 Nxd5 14. Bxd5+ Kh7 15.
e4 f4 16. gxf4 gxf4 17. Bxf4 Be6 18. Kh1 Bxd5 19. cxd5 Ne5 20. Bxe5 Rxe5 21.
Rf7+ Kh8 22. Rg1 Qh4 23. Qxc7 1-0

[Event "AUTO-MASTER-3098"]
[Site "http://www.queenalice.com/game.php?id=1785687"]
[Date "2022.3.26"]
[Round "1"]
[White "CCapivara"]
[Black "GildemarSantos"]
[Result "0-1"]
[WhiteElo "2262"]
[BlackElo "2274"]

1. e4 c5 2. Nf3 d6 3. d4 cxd4 4. Nxd4 Nf6 5. Nc3 a6 6. Bg5 e6 7. f4 h6 8. Bxf6
Qxf6 9. Qd2 Nc6 10. Nxc6 bxc6 11. O-O-O Qd8 12. Kb1 Be7 13. Be2 d5 14. e5 Rb8
15. b3 Bb4 16. Qd3 Qa5 17. Kb2 c5 18. Nb1 c4 19. Qd4 O-O 20. g4 Bc5 21. Qc3 Qb6
22. h4 a5 23. h5 Ba6 24. Bf3 d4 25. Qe1 a4 26. g5 axb3 27. cxb3 cxb3 28. a3 Rfc8
29. gxh6 Bf8 30. hxg7 Rc2+ 31. Ka1 Ra2# 0-1

[Event "AUTO-MASTER-3101"]
[Site "http://www.queenalice.com/game.php?id=1786695"]
[Date "2022.4.11"]
[Round "1"]
[White "tarasch"]
[Black "GildemarSantos"]
[Result "1-0"]
[WhiteElo "2152"]
[BlackElo "2273"]

1. d4 Nf6 2. c4 g6 3. Nc3 Bg7 4. e4 d6 5. Nf3 O-O 6. Be2 e5 7. O-O exd4 8. Nxd4
Re8 9. f3 Nc6 10. Be3 Nh5 11. Qd2 Nf4 12. Bxf4 Nxd4 13. Bd3 c6 14. Rad1 a6 15.
Be3 Rb8 16. Bb1 c5 17. Ne2 Nxe2+ 18. Qxe2 Qc7 19. Qd2 b5 20. Qxd6 Qxd6 21. Rxd6
bxc4 22. Bxc5 Bf8 23. Rc6 Bd7 24. Rc7 Bxc5+ 25. Rxc5 Rxb2 26. Rc1 Be6 27. e5
Reb8 28. Be4 Rxa2 29. Bd5 Rb5 30. Rxb5 axb5 31. Bxe6 1-0

[Event "AUTO-MASTER-3101"]
[Site "http://www.queenalice.com/game.php?id=1786696"]
[Date "2022.4.11"]
[Round "1"]
[White "GildemarSantos"]
[Black "tarasch"]
[Result "1-0"]
[WhiteElo "2287"]
[BlackElo "2134"]

1. c4 Nf6 2. g3 g6 3. Bg2 Bg7 4. Nc3 O-O 5. d4 c6 6. e4 e6 7. e5 Ne8 8. Bf4 d6
9. Nf3 Na6 10. h4 c5 11. dxc5 Nxc5 12. O-O d5 13. Bg5 f6 14. Be3 Nd7 15. cxd5
Nxe5 16. Qb3 exd5 17. Bc5 Rf7 18. Nxe5 fxe5 19. Bxd5 1-0

[Event "AUTO-MASTER-3101"]
[Site "http://www.queenalice.com/game.php?id=1786711"]
[Date "2022.4.11"]
[Round "1"]
[White "fpferreira"]
[Black "GildemarSantos"]
[Result "1-0"]
[WhiteElo "2196"]
[BlackElo "2295"]

1. e4 c5 2. d4 cxd4 3. Qxd4 Nc6 4. Qd3 e6 5. Nf3 Nf6 6. Nc3 Be7 7. e5 Ng4 8. Bf4
Qb6 9. Qd2 f6 10. exf6 Nxf6 11. Bd3 1-0

[Event "AUTO-MASTER-3101"]
[Site "http://www.queenalice.com/game.php?id=1786712"]
[Date "2022.4.11"]
[Round "1"]
[White "GildemarSantos"]
[Black "fpferreira"]
[Result "0-1"]
[WhiteElo "2311"]
[BlackElo "2180"]

1. c4 e5 2. g3 d5 3. cxd5 Qxd5 4. Nf3 Nc6 5. Nc3 Qd6 6. Bg2 Nf6 7. O-O Be7 8. d4
Nxd4 9. Nxe5 O-O 10. e3 Nc2 0-1

[Event "AUTO-MASTER-3101"]
[Site "http://www.queenalice.com/game.php?id=1786721"]
[Date "2022.4.11"]
[Round "1"]
[White "Poluco"]
[Black "GildemarSantos"]
[Result "0-1"]
[WhiteElo "2111"]
[BlackElo "2280"]

1. d4 Nf6 2. c4 g6 3. Nf3 Bg7 4. Nc3 O-O 5. e4 d6 6. Be2 e5 7. d5 a5 8. O-O Na6
9. Bg5 h6 10. Bd2 Nc5 11. Na4 Nfxe4 12. Nxc5 Nxc5 13. Bc3 Bd7 14. b3 e4 15. Bxg7
exf3 16. Bxf8 fxe2 17. Qxe2 Qxf8 18. Qf3 f5 19. Rfe1 Qf6 20. Qe3 g5 21. Qe7 Qg6
22. Qe3 f4 23. Qd2 Nd3 24. Re7 Qf6 25. Rae1 Nxe1 26. Rxd7 Qa1 27. Qe2 Nf3# 0-1

[Event "AUTO-MASTER-3101"]
[Site "http://www.queenalice.com/game.php?id=1786722"]
[Date "2022.4.11"]
[Round "1"]
[White "GildemarSantos"]
[Black "Poluco"]
[Result "1-0"]
[WhiteElo "2294"]
[BlackElo "2111"]

1. c4 c5 2. g3 Nf6 3. Bg2 Nc6 4. Nc3 e6 5. e4 e5 6. Nge2 Be7 7. d3 O-O 8. O-O
Nd4 9. Rb1 d6 10. b4 Nd7 11. Bd2 Bg5 12. f4 Nxe2+ 13. Qxe2 Be7 14. bxc5 Nxc5 15.
Nd5 Ne6 16. f5 Nd4 17. Qh5 Re8 18. f6 g6 19. fxe7 1-0

[Event "AUTO-MASTER-3187"]
[Site "http://www.queenalice.com/game.php?id=1823029"]
[Date "2023.10.15"]
[Round "1"]
[White "Capixabba789"]
[Black "GildemarSantos"]
[Result "0-1"]
[WhiteElo "1872"]
[BlackElo "2257"]

1. e4 c5 2. f4 d5 3. e5 Nc6 4. Nf3 Bg4 5. Be2 h5 6. d4 e6 7. Be3 Bxf3 8. Bxf3
Qb6 9. b3 cxd4 10. Bd2 Rc8 11. Bxh5 d3 12. cxd3 Nb4 13. Bxb4 Qe3+ 0-1

[Event "AUTO-MASTER-3187"]
[Site "http://www.queenalice.com/game.php?id=1823030"]
[Date "2023.10.15"]
[Round "1"]
[White "GildemarSantos"]
[Black "Capixabba789"]
[Result "1-0"]
[WhiteElo "2258"]
[BlackElo "1835"]

1. c4 e5 2. g3 d5 3. cxd5 Qxd5 4. Nf3 f5 5. Nc3 Qa5 6. d3 Bb4 7. Bd2 c6 8. a3
Bd6 9. e4 Nf6 10. d4 Qc7 11. dxe5 Bxe5 12. Nxe5 Qxe5 13. Bf4 Qe6 14. Qd4 Nxe4
15. O-O-O Qf6 16. Nxe4 fxe4 17. Qxe4+ Qe6 18. Qc2 1-0

[Event "AUTO-MASTER-3187"]
[Site "http://www.queenalice.com/game.php?id=1823045"]
[Date "2023.10.15"]
[Round "1"]
[White "BeatifulDevil56"]
[Black "GildemarSantos"]
[Result "1-0"]
[WhiteElo "1922"]
[BlackElo "2248"]

1. c4 Nf6 2. Nc3 g6 3. Nf3 Bg7 4. d3 d5 5. cxd5 Nxd5 6. Nxd5 Qxd5 7. e4 Qd6 8.
Be2 Bg4 9. Qb3 Qb6 10. Qxb6 axb6 11. h3 Bxf3 12. Bxf3 Nc6 13. O-O Nb4 14. Bd2
1-0

[Event "AUTO-MASTER-3187"]
[Site "http://www.queenalice.com/game.php?id=1823046"]
[Date "2023.10.15"]
[Round "1"]
[White "GildemarSantos"]
[Black "BeatifulDevil56"]
[Result "0-1"]
[WhiteElo "2186"]
[BlackElo "1967"]

1. c4 e5 2. Nc3 Nc6 3. g3 Nf6 4. Bg2 Bc5 5. e3 O-O 6. a3 d6 7. Nge2 a5 8. O-O
Bd7 9. d4 exd4 10. exd4 Ba7 11. b4 axb4 12. axb4 Bb6 13. Rxa8 Qxa8 14. c5 dxc5
15. dxc5 Ba7 16. Bg5 Qd8 0-1

[Event "AUTO-MASTER-3187"]
[Site "http://www.queenalice.com/game.php?id=1823055"]
[Date "2023.10.15"]
[Round "1"]
[White "pomar"]
[Black "GildemarSantos"]
[Result "1-0"]
[WhiteElo "1966"]
[BlackElo "2205"]

1. f3 e5 2. Kf2 Bc5+ 3. e3 d5 4. d4 exd4 5. exd4 Qh4+ 6. Ke3 Bb6 7. g3 Qf6 8. c3
c5 9. dxc5 Bxc5+ 10. Ke2 Ne7 11. Bh3 Bxh3 12. g4 Bg2 13. Be3 Bxe3 14. Kxe3 Bxh1
15. Ne2 1-0

[Event "AUTO-MASTER-3187"]
[Site "http://www.queenalice.com/game.php?id=1823056"]
[Date "2023.10.15"]
[Round "1"]
[White "GildemarSantos"]
[Black "pomar"]
[Result "0-1"]
[WhiteElo "2226"]
[BlackElo "1939"]

1. c4 e6 2. Nc3 c5 3. Nf3 Nc6 4. g3 d5 5. cxd5 exd5 6. d4 cxd4 7. Nxd4 Bc5 8.
Nb3 Bb6 9. Qxd5 Qf6 10. Ne4 Qe6 11. Qxe6+ Bxe6 12. Bf4 Kd7 13. Nbc5+ Ke7 14.
Bd6+ Ke8 15. Nxb7 Nf6 0-1